000 00432nam a2200169 a 4500
001 5972
003 CO-ViMGA
008 141112s2004 ck r 000 u spa d
040 _aCO-ViMGA
_bspa
_cCO-ViMGA
082 0 4 _aMORr
100 1 _aMoragues, Stella María
_94574
245 1 0 _aLa rebelión de los espejos
260 _aBarcelona :
_bLabor,
_c1983
300 _a95 p : il
650 1 4 _aCUENTOS INFANTILES
_92743
942 _2ddc
_cBK
999 _c17946
_d17946